Welcome to CU Library Online Public Access Catalogue (OPAC)

Perspectives on human biology / (Record no. 2272)

MARC details
000 -LEADER
fixed length control field 00526nam a2200181 a 4500
001 - CONTROL NUMBER
control field 1055803
005 - DATE AND TIME OF LATEST TRANSACTION
control field 20241215141353.0
008 - FIXED-LENGTH DATA ELEMENTS--GENERAL INFORMATION
fixed length control field 930915s1991 iaua b 001 0 eng d
020 ## - INTERNATIONAL STANDARD BOOK NUMBER
International Standard Book Number 9780697107855
050 04 - LIBRARY OF CONGRESS CALL NUMBER
Classification number QP34.5
Item number .F69 1991
100 1# - MAIN ENTRY--PERSONAL NAME
Personal name Fox, Stuart Ira.
245 10 - TITLE STATEMENT
Title Perspectives on human biology /
Statement of responsibility, etc. Stuart I. Fox.
260 ## - PUBLICATION, DISTRIBUTION, ETC.
Place of publication, distribution, etc. Dubuque, IA :
Name of publisher, distributor, etc. Wm. C. Brown Publishers,
Date of publication, distribution, etc. [c1991]
300 ## - PHYSICAL DESCRIPTION
Extent xvii, 524 p. :
Other physical details ill. (mostly col.) ;
Dimensions 28 cm.
650 #0 - SUBJECT ADDED ENTRY--TOPICAL TERM
Topical term or geographic name entry element Physiology.
650 #2 - SUBJECT ADDED ENTRY--TOPICAL TERM
Topical term or geographic name entry element Physiology.
942 ## - ADDED ENTRY ELEMENTS (KOHA)
Source of classification or shelving scheme Library of Congress Classification
Koha item type Books
Suppress in OPAC No
999 ## -
-- 2272
-- 2272
Holdings
Withdrawn status Lost status Source of classification or shelving scheme Damaged status Not for loan Collection Home library Current library Shelving location Date acquired Total checkouts Full call number Barcode Date last seen Copy number Price effective from Koha item type
    Library of Congress Classification     Non-fiction Science Library (Miotso) Science Library (Miotso) General stacks 12/15/2024   QP34.5 .F69 FOX SLM00001558 12/15/2024 1 12/15/2024 Books
    Library of Congress Classification     Non-fiction Science Library (Miotso) Science Library (Miotso) General stacks 12/15/2024   QP34.5 .F69 FOX SLM00001559 12/15/2024 2 12/15/2024 Books
    Library of Congress Classification     Non-fiction Science Library (Miotso) Science Library (Miotso) General stacks 12/15/2024   QP34.5 .F69 FOX SLM00001560 12/15/2024 3 12/15/2024 Books
    Library of Congress Classification     Non-fiction Science Library (Miotso) Science Library (Miotso) General stacks 12/15/2024   QP34.5 .F69 FOX SLM00001561 12/15/2024 4 12/15/2024 Books
    Library of Congress Classification     Non-fiction Science Library (Miotso) Science Library (Miotso) General stacks 12/15/2024   QP34.5 .F69 FOX SLM00001562 12/15/2024 5 12/15/2024 Books
    Library of Congress Classification     Non-fiction Science Library (Miotso) Science Library (Miotso) General stacks 12/15/2024   QP34.5 .F69 FOX SLM00001563 12/15/2024 6 12/15/2024 Books
    Library of Congress Classification     Non-fiction Science Library (Miotso) Science Library (Miotso) General stacks 12/15/2024   QP34.5 .F69 FOX SLM00001564 12/15/2024 7 12/15/2024 Books
© 2023-2024 Copyright: Central University Libraries. All Rights Reserved | Created by: Mahone Tech Office